| 000 | 00561nam a2200205Ia 4500 | ||
|---|---|---|---|
| 005 | 20230727134152.0 | ||
| 008 | 131103s9999 xx 000 0 und d | ||
| 040 | _aLoreto College | ||
| 041 | _aEnglish | ||
| 082 |
_a920 _bDAI-CUD |
||
| 100 | _aCudlipp,Hugh | ||
| 245 |
_aPublish and Be Dammed _b the astonishing story of the Daily Miror _cHugh Cudlipp |
||
| 260 |
_aLondon _bAndrew Dakers Ltd. _c1953 |
||
| 300 |
_axi,292 p. _b illus. |
||
| 504 | _aIncludes index | ||
| 650 | _aCudlipp,Hugh | ||
| 651 | _aAntobiography | ||
| 850 | _aLCLIB | ||
| 942 | _cBK | ||
| 999 |
_c12196 _d62675 |
||